000
00308nam a22001337a 4500
008
171017b xxu||||| |||| 00| 0 eng d
020
_a
1931910324
041
_a
eng
080
_2
6TH
_a
330.101.542
100
_a
52
101
_a
MIK
245
_a
EXPLORATIONS IN MICROECONOMICS
_c
WILLIS,J
942
_2
udc
_c
BK
999
_c
34504
_d
34504